Literature Subcategory 'B' Quiz Stats

 Plays Quiz Updated May 29, 2019

Score 0/15 Timer 04:00
1 Play Today
Question Answer % Correct
'One Fish, Two Fish, Red Fish, ________ Fish' by Dr. SeussBlue
96.4%
'________ New World' by Aldous HuxleyBrave
93.8%
Most sold book ever - 5 billion copiesBible
92.6%
Last name of the character Frodo ________Baggins
91.6%
'Fahrenheit 451' by Ray ________Bradbury
86.9%
'The ________ Thief' by Markus ZusakBook
82.2%
Nickname '________ of Avon'Bard
76.2%
Actress that played Effie Trinket in the movies: Elizabeth ________Banks
54.1%
Question Answer % Correct
'American Psycho' main character: Patrick ________Bateman
49.5%
Tyrion Lannister's friend and body guardBronn
41.9%
Protagonist: ________ 'Tris' PriorBeatrice
37.9%
Fourth book of the franchise: The _______ of the LabyrinthBattle
30%
'The ________ Soprano' by Eugene IonescoBald
20.6%
UK Publisher: ________ PublishingBloomsbury
20.1%
'Funeral ________' by W. H. AudenBlues
17.7%

You're not logged in!

Compare scores with friends on all Sporcle quizzes.
OR
Log In

Show Comments

Extras

Top Quizzes Today


Score Distribution

Your Account Isn't Verified!

In order to create a playlist on Sporcle, you need to verify the email address you used during registration. Go to your Sporcle Settings to finish the process.

Report this User

Report this user for behavior that violates our Community Guidelines.

Details: